Cílová skupina děti

Užívatelia hračiek - deti. Veková kategória detí. Špecifikácia cielovej skupiny detí. Vplyv dieťaťa na rozhodovanie pri nákupe. Segmentácia podľa veku a pohlavia detí. Marketingové aktivity a sezónnosť. Televízia ako bezkonkurenčné médium pre prezentáciu hračiek.

Gespeichert in:
Bibliographische Detailangaben
1. Verfasser: Křivánková, Marie
Format: Buchkapitel
Sprache:Tschechisch
Schlagworte:
Tags: Tag hinzufügen
Keine Tags, Fügen Sie das erste Tag hinzu!

MARC

LEADER 00000naa$a2200000$$$4500
001 0031816
005 20231016104506.1
041 0 |a cze 
044 |a CZ 
245 1 0 |a Cílová skupina děti  |c Marie Křivánková 
520 |a Užívatelia hračiek - deti. Veková kategória detí. Špecifikácia cielovej skupiny detí. Vplyv dieťaťa na rozhodovanie pri nákupe. Segmentácia podľa veku a pohlavia detí. Marketingové aktivity a sezónnosť. Televízia ako bezkonkurenčné médium pre prezentáciu hračiek. 
610 2 0 |a marketing 
610 2 0 |a podpora predaja 
610 2 0 |a obchod 
610 2 0 |a trh 
610 2 0 |a segmentácia trhu 
610 2 0 |a skupiny vekové 
610 2 0 |a deti 
610 2 0 |a hračky 
610 2 0 |a médiá 
100 1 |a Křivánková, Marie